000 00535nam a2200205Ia 4500
003 OSt
005 20220927114458.0
006 a|||||r|||| 00| 0
007 ta
008 220926b |||||||| |||| 00| 0 eng d
024 _a149796
037 _cTextbook
040 _aRTL
_cRTL
_beng
041 _2eng
_aeng
082 _a"Y, TD"
100 _aOOMMEN T K
_9370305
245 0 _aNational civil society and social movement
_b Essay in political sociology
942 _h"Y, TD"
_cCC
999 _c704751
_d704751